000 02224cam a22004454i 4500
003 PE-LiUPU
005 20250731172754.0
008 150617s r 000 0 d
035 _a(Sirsi) a12721
040 _aPE-LiUPU
_bspa
_cPE-LiUPU
_erda
049 _aPRUA
082 0 4 _a226
_bM36
_221
100 1 _aMartín Nieto, Evaristo,
_eautor.
245 1 0 _aCristo en los cuatro evangelios /
_cEvaristo Martín Nieto.
264 1 _aMadrid :
_bEdiciones Paulinas,
_c1963.
300 _a380 páginas :
_bil. ;
_c20 cm.
336 _atext
_2rdacontent
337 _aunmediated
_2rdamedia
338 _avolume
_2rdacarrier
505 0 _aPrólogo de San Juan Prólogo de San Lucas -- Anunciación del nacimiento de Juan -- La anunciación -- La visitación -- El magnificat -- Nacimiento y circuncisión de Juan -- Genealogía de Jesucristo -- Las angustias de José -- Nacimiento de Jesús -- Los pastores Juan al pesebre -- Adoración de los magos -- Fuga a Egipto -- Degollación de los inocentes -- Retorno a Nazaret -- Jesús en medio de los doctores -- La persona de Juan y la respuesta de las gentes -- La profecía de Isaías -- La fe, la luz, el juicio -- Nuevo testimonio del bautista -- Diálogo con la Samaritana -- Jesús enseña con autoridad -- Curación de un endemoniado -- Mas curaciones -- Jesús sale a predicar -- Los discípulos cortan espigas en sábado -- Las bienaventuranzas -- La pecadora -- El tesoro y la perla -- Se salva el qu.
526 _aSEG42
526 _aSEG41
526 _aSEG40
526 _aSEG39
526 _aP94
526 _aP87
526 _aP86
526 _aP85
526 _aP77
526 _aP76
526 _aP35
630 _aBiblia
_pN.T.
_pEvangelios
_vConcordancias.
910 _ajck
_bjvq
_cjck
_d20150616
942 _2ddc
_cBOOK
949 _a226 M36
_wDEWEY
_c1
_i09300
_lCCODEBUL1
_mBUL
_p00.00
_r0
_sY
_tBOOK
_u2015-04-21
_xTEOLOGIA
_PP35
_0COMPRA
_o.STAFF. Colección general
994 _aC0
_bPEPRU
596 _a1
999 _a226 M36
_wDEWEY
_c3011
_i09300
_f2021-11-11
_g5
_lCCODEBUL1
_mBUL
_r0
_sY
_tBOOK
_u2015-4-21
_xTEOLOGIA
_PP35
_0COMPRA
_o.STAFF. Colección general
_d3011
980 _81
_gALBERTO SANCHEZ Responsable de Automatización